[Event "World Cup U18 Prel"]
[Site "Tornelo INT"]
[Date "2021.08.18"]
[Round "5"]
[White "Al Darmaky, Sultan"]
[Black "Tan, Jun Ying"]
[Result "1/2-1/2"]
[WhiteElo "1790"]
[BlackElo "2151"]
[PlyCount "74"]
[EventDate "2021.08.16"]
[EventType "swiss (rapid)"]
[EventRounds "10"]
[EventCountry "NET"]
[SourceTitle "CBM 203 Extra"]
[Source "ChessBase"]
[SourceDate "2021.09.30"]
[SourceVersion "1"]
[SourceVersionDate "2021.09.30"]
[SourceQuality "1"]

1. d4 e6 2. c4 b6 3. Nc3 Bb7 4. e4 Bb4 5. Qc2 Ne7 6. Nf3 0-0 7. Bd3 f5 8. 0-0 Bxc3 9. bxc3 Qe8 10. Ba3 d6 11. Rae1 Nd7 12. d5 fxe4 13. Bxe4 Nf6 14. Ng5 exd5 15. cxd5 Qh5 16. Ne6 Rfc8 17. c4 b5 18. Bb2 bxc4 19. Bxf6 gxf6 20. Re3 Kh8 21. Rh3 Qe8 22. Rxh7+ Kg8 23. Rg7+ Kh8 24. Qd2 Qh5 25. Rxe7 Rg8 26. Qd4 Rg6 27. Nf4 Rxg2+ 28. Kxg2 Qg4+ 29. Kh1 Qxf4 30. Rh7+ Kg8 31. Rg1+ Kf8 32. Rgg7 Re8 33. Rf7+ Kg8 34. Rhg7+ Kh8 35. Rh7+ Kg8 36. Rfg7+ Kf8 37. Rf7+ Kg8 1/2-1/2

[Event "World Cup U18 Prel"]
[Site "Tornelo INT"]
[Date "2021.08.18"]
[Round "6"]
[White "Brilej, Jaka"]
[Black "Al Darmaky, Sultan"]
[Result "1-0"]
[WhiteElo "2344"]
[BlackElo "1790"]
[PlyCount "67"]
[EventDate "2021.08.16"]
[EventType "swiss (rapid)"]
[EventRounds "10"]
[EventCountry "NET"]
[SourceTitle "CBM 203 Extra"]
[Source "ChessBase"]
[SourceDate "2021.09.30"]
[SourceVersion "1"]
[SourceVersionDate "2021.09.30"]
[SourceQuality "1"]

1. e4 c5 2. Nf3 d6 3. d4 cxd4 4. Nxd4 Nf6 5. Nc3 Nc6 6. f3 a6 7. Be3 e6 8. Qd2 Bd7 9. g4 Be7 10. 0-0-0 Nxd4 11. Qxd4 Qc7 12. Kb1 b5 13. h4 Rb8 14. h5 b4 15. Ne2 h6 16. Qd2 a5 17. Nd4 a4 18. Bd3 e5 19. Nf5 Bxf5 20. gxf5 d5 21. Qg2 d4 22. Bc1 Rg8 23. Rde1 Kf8 24. f4 Nd7 25. Rhg1 Bf6 26. Qf1 Ke7 27. Bc4 Rgc8 28. b3 axb3 29. cxb3 Nb6 30. Bd3 Na4 31. bxa4 b3 32. Qe2 bxa2+ 33. Ka1 Qc3+ 34. Bb2 1-0

[Event "UAE-ch President Cup"]
[Site "Abu Dhabi"]
[Date "2019.12.22"]
[Round "8"]
[White "Salem, AR Saleh"]
[Black "Al Darmaky, Sultan"]
[Result "1-0"]
[WhiteElo "2675"]
[BlackElo "1811"]
[PlyCount "43"]
[EventDate "2019.12.15"]
[EventType "swiss"]
[EventRounds "9"]
[EventCountry "UAE"]
[SourceTitle "CBM 193 Extra"]
[Source "ChessBase"]
[SourceDate "2020.01.31"]
[SourceVersion "1"]
[SourceVersionDate "2020.01.31"]
[SourceQuality "1"]

1. Nf3 Nf6 2. c4 g6 3. Nc3 d5 4. cxd5 Nxd5 5. h4 Bg7 6. e4 Nxc3 7. dxc3 Qxd1+ 8. Kxd1 Bg4 9. Kc2 e5 10. Bc4 Bxf3 11. gxf3 h6 12. f4 Nd7 13. fxe5 Nxe5 14. Bb5+ c6 15. Be2 0-0-0 16. Be3 Kb8 17. f4 Nd7 18. Bc4 Rhe8 19. Bxf7 Rxe4 20. Rae1 Nf6 21. Bxg6 Re7 22. Bxa7+ 1-0

[Event "UAE-ch President Cup"]
[Site "Abu Dhabi"]
[Date "2019.12.19"]
[Round "5"]
[White "Salem, Ahmed Salem"]
[Black "Al Darmaky, Sultan"]
[Result "1-0"]
[WhiteElo "1934"]
[BlackElo "1811"]
[PlyCount "67"]
[EventDate "2019.12.15"]
[EventType "swiss"]
[EventRounds "9"]
[EventCountry "UAE"]
[SourceTitle "CBM 193 Extra"]
[Source "ChessBase"]
[SourceDate "2020.01.31"]
[SourceVersion "1"]
[SourceVersionDate "2020.01.31"]
[SourceQuality "1"]

1. e4 c5 2. Nf3 e6 3. Nc3 a6 4. d4 cxd4 5. Nxd4 d6 6. Be3 Nf6 7. f4 Qc7 8. Qf3 b5 9. Bd3 Bb7 10. g4 Be7 11. g5 Nfd7 12. 0-0-0 Nb6 13. h4 b4 14. Nce2 N8d7 15. h5 Nc5 16. Kb1 d5 17. e5 Nc4 18. Bc1 a5 19. g6 fxg6 20. hxg6 h6 21. Qh3 Bc8 22. Nb5 Qb7 23. Bxc4 dxc4 24. Nd6+ Bxd6 25. Rxd6 Bd7 26. Be3 Na4 27. Rhd1 0-0-0 28. R1d4 Nc3+ 29. Nxc3 bxc3 30. Rxc4+ Kb8 31. Rb6 Qxb6 32. Bxb6 Bb5 33. Bc7+ Ka7 34. Qe3+ 1-0

[Event "UAE President Cup U14"]
[Site "Ajman"]
[Date "2019.01.07"]
[Round "7"]
[White "Al Darmaky, Sultan"]
[Black "Khalifa Essa, Albalooshi"]
[Result "1/2-1/2"]
[WhiteElo "1741"]
[BlackElo "1385"]
[PlyCount "132"]
[EventDate "2019.01.02"]
[EventType "swiss"]
[EventRounds "9"]
[EventCountry "UAE"]
[SourceTitle "CBM 188 Extra"]
[Source "ChessBase"]
[SourceDate "2019.02.26"]
[SourceVersion "1"]
[SourceVersionDate "2019.02.26"]
[SourceQuality "1"]

1. d4 d5 2. c4 e6 3. Nc3 Be7 4. cxd5 exd5 5. Bf4 c6 6. e3 Nf6 7. Bd3 Nbd7 8. Qc2 0-0 9. Nf3 Re8 10. h3 Nf8 11. g4 h6 12. 0-0-0 Bb4 13. Ne5 g5 14. Bg3 Bxc3 15. Qxc3 Ne4 16. Bxe4 dxe4 17. h4 f6 18. hxg5 hxg5 19. Rh8+ Kg7 20. Rdh1 fxe5 21. Bxe5+ Rxe5 22. R1h7+ Nxh7 23. Rxd8 Rd5 24. Rxd5 cxd5 25. Qc7+ Kg6 26. b4 Nf6 27. Qd8 b5 28. Kd2 a5 29. bxa5 Nd7 30. Ke1 Nf6 31. a6 Bb7 32. Qb6 Bxa6 33. Qc6 Ra7 34. Qe6 Ra8 35. Qf5+ Kf7 36. Qxg5 Rg8 37. Qf4 Rxg4 38. Qc7+ Kg6 39. Qc6 Bc8 40. Qxc8 Rg1+ 41. Ke2 Rb1 42. Qc2 Rb4 43. Kf1 Rc4 44. Qd1 Kg5 45. Kg2 Ra4 46. Qe2 Rc4 47. Kg3 Nh5+ 48. Kh3 Nf6 49. Qd1 Rc8 50. Qb3 Ra8 51. Kg2 b4 52. Kf1 Ra3 53. Qb2 Ng4 54. Ke1 Kf5 55. Kd1 Rd3+ 56. Kc1 Rc3+ 57. Kb1 Rc4 58. Qe2 Nf6 59. Kb2 Ke6 60. Kb3 Kd6 61. f3 exf3 62. Qxf3 Nd7 63. Qf4+ Kc6 64. Qh6+ Kb5 65. Qe6 Nb6 66. Qe8+ Ka5 1/2-1/2

[Event "UAE President Cup U14"]
[Site "Ajman"]
[Date "2019.01.06"]
[Round "6"]
[White "Al Darmaky, Sultan"]
[Black "Khaled, Tarek Altaher"]
[Result "1-0"]
[WhiteElo "1741"]
[BlackElo "1369"]
[PlyCount "113"]
[EventDate "2019.01.02"]
[EventType "swiss"]
[EventRounds "9"]
[EventCountry "UAE"]
[SourceTitle "CBM 188 Extra"]
[Source "ChessBase"]
[SourceDate "2019.02.26"]
[SourceVersion "1"]
[SourceVersionDate "2019.02.26"]
[SourceQuality "1"]

1. d4 d5 2. c4 e6 3. Nc3 c6 4. Nf3 dxc4 5. e4 b5 6. a3 Qa5 7. Bd2 Qd8 8. Be2 Nf6 9. Bg5 Be7 10. 0-0 0-0 11. Qc2 Bb7 12. Rfd1 a5 13. Bxf6 Bxf6 14. e5 Be7 15. Ne4 Qd5 16. Nfg5 g6 17. Bf3 Qd8 18. Nh3 Nd7 19. Nf4 Nb6 20. b3 Nd5 21. g3 Nxf4 22. gxf4 cxb3 23. Qxb3 a4 24. Qc3 f6 25. Nc5 Bxc5 26. dxc5 Qc7 27. Rd6 fxe5 28. Bg4 Bc8 29. Qxe5 Qg7 30. Rxc6 Rxf4 31. Rxc8+ Rxc8 32. Bxe6+ Kh8 33. Qxg7+ Kxg7 34. Bxc8 Rc4 35. Re1 Rxc5 36. Bd7 Rc3 37. Re3 Rc1+ 38. Kg2 Rb1 39. Bc6 Kf6 40. Kf3 Kg5 41. Re5+ Kf6 42. Rxb5 Ra1 43. Rb4 Rxa3+ 44. Kg2 Rb3 45. Rxa4 Rb6 46. Be4 h6 47. Rc4 g5 48. Rc6+ Rxc6 49. Bxc6 Kf5 50. Kg3 Kf6 51. Kg4 Kg6 52. Be4+ Kf6 53. Kh5 Ke5 54. f3 Kf4 55. Bc6 Kf5 56. Kxh6 g4 57. Bd7+ 1-0

[Event "Asia-ch U12"]
[Site "Ulaanbaatar"]
[Date "2016.04.06"]
[Round "1"]
[White "Al Darmaky, Sultan"]
[Black "Ngo, Duc Tri"]
[Result "0-1"]
[WhiteElo "1457"]
[BlackElo "2010"]
[PlyCount "72"]
[EventDate "2016.04.06"]
[EventType "swiss"]
[EventRounds "9"]
[EventCountry "MGL"]
[SourceTitle "EXT 2017"]
[Source "ChessBase"]
[SourceDate "2016.10.25"]
[SourceVersion "1"]
[SourceVersionDate "2016.10.25"]
[SourceQuality "1"]

1. d4 d5 2. c4 c6 3. e3 Nf6 4. Nc3 Bf5 5. cxd5 cxd5 6. Qb3 Qc8 7. Nxd5 Nxd5 8. Qxd5 Nc6 9. Bb5 Bd7 10. Bd2 a6 11. Ba4 e6 12. Qe4 Ne7 13. Rc1 Qd8 14. Bxd7+ Qxd7 15. a3 f5 16. Qb1 Nc6 17. Nf3 Bd6 18. 0-0 0-0 19. e4 Bc7 20. Bc3 fxe4 21. Qxe4 Rf4 22. Qe3 Raf8 23. Ng5 e5 24. d5 Ne7 25. Ne6 Nxd5 26. Qh3 R8f5 27. Nxf4 Nxf4 28. Qg4 h5 29. Qd1 Qc6 30. f3 Qg6 31. Rc2 Rg5 32. g3 h4 33. Be1 hxg3 34. Bxg3 Qh6 35. Kf2 Qb6+ 36. Ke1 Qe3+ 0-1

[Event "Asian Schools-ch U11 11th"]
[Site "Singapore"]
[Date "2015.06.01"]
[Round "3.5"]
[White "Fan, Allen Chi Zhou"]
[Black "Al Darmaky, Sultan"]
[Result "1-0"]
[WhiteElo "1816"]
[BlackElo "1544"]
[PlyCount "77"]
[EventDate "2015.05.31"]
[EventType "swiss"]
[EventRounds "7"]
[EventCountry "SIN"]
[SourceTitle "EXT 2024"]
[Source "ChessBase"]
[SourceDate "2023.10.10"]
[SourceVersion "1"]
[SourceVersionDate "2023.10.10"]
[SourceQuality "1"]

1. Nf3 c5 2. c4 Nc6 3. g3 g6 4. Bg2 Bg7 5. Nc3 e5 6. d3 d6 7. a3 a5 8. Qb3 h6 9. Nd5 Nge7 10. Nb6 a4 11. Nxa4 Qa5+ 12. Nc3 0-0 13. Bd2 Qd8 14. 0-0 Bg4 15. Nb5 f5 16. Qc2 Qd7 17. Rab1 e4 18. dxe4 fxe4 19. Qxe4 Bf5 20. Qe3 Bxb1 21. Rxb1 Ne5 22. Qb3 Kh7 23. Rd1 Nf5 24. Bf4 Nxf3+ 25. Bxf3 Nd4 26. Nxd4 Bxd4 27. e3 g5 28. exd4 gxf4 29. dxc5 fxg3 30. Be4+ Kh8 31. hxg3 Qf7 32. Qc3+ Qg7 33. Qxg7+ Kxg7 34. cxd6 Rae8 35. f3 b6 36. b4 Rd8 37. c5 bxc5 38. bxc5 Rc8 39. c6 1-0